[Event "GER T283-C40-S email"]
[Site "GER email"]
[Date "2018.03.15"]
[Round "?"]
[White "Nowak, Lars"]
[Black "Mehlhorn, Uwe"]
[Result "1/2-1/2"]
[WhiteElo "1910"]
[BlackElo "2173"]
[PlyCount "139"]
[EventDate "2018.03.26"]
[EventType "tourn (corr)"]
[EventRounds "8"]
[EventCountry "GER"]
[SourceTitle "Corr 2022"]
[Source "ChessBase"]
[SourceDate "2021.10.24"]
[SourceVersion "1"]
[SourceVersionDate "2021.10.24"]
[SourceQuality "1"]

1. e4 e5 2. Nf3 f5 3. Nxe5 Qf6 4. d4 d6 5. Nc4 fxe4 6. Nc3 Qg6 7. f3 Be7 8. Nxe4 d5 9. Ne5 Qb6 10. Nc3 Nf6 11. Be2 0-0 12. Na4 Qa5+ 13. c3 c6 14. 0-0 Nbd7 15. Nd3 Re8 16. Re1 Qd8 17. Bf1 Nf8 18. Nac5 b6 19. Nb3 Bd7 20. Ne5 Bd6 21. f4 Ng6 22. a4 c5 23. Be3 cxd4 24. Nxd7 dxe3 25. Nxf6+ Qxf6 26. g3 Bxf4 27. Qxd5+ Kh8 28. gxf4 Nxf4 29. Qf3 e2 30. Rxe2 Qg5+ 31. Rg2 Nxg2 32. Qxg2 Qe3+ 33. Qf2 Qh6 34. Qd2 Qh5 35. Nd4 Rad8 36. Qf4 Rf8 37. Qg3 Rde8 38. Kh1 Re4 39. Bg2 Re5 40. Bf3 Qe8 41. Rg1 Rf7 42. c4 a5 43. b3 g6 44. Bc6 Qe7 45. Bg2 Qe8 46. Nc6 Re3 47. Qd6 Kg7 48. Qd4+ Kh6 49. Qd2 Kg7 50. Qb2+ Rf6 51. Rf1 Ree6 52. Rxf6 Rxf6 53. Qa1 Qe3 54. b4 h5 55. b5 Qf2 56. Ne5 Rd6 57. Qf1 Qxf1+ 58. Bxf1 g5 59. Nc6 Rd1 60. Kg1 Ra1 61. c5 bxc5 62. Nxa5 Rxa4 63. b6 Rb4 64. b7 Kf8 65. Ba6 Ke8 66. Nc6 Rb1+ 67. Kf2 Kd7 68. b8Q Rxb8 69. Nxb8+ Kc7 70. Ke3 1/2-1/2

[Event "GER T283-C40-S email"]
[Site "GER email"]
[Date "2018.03.15"]
[Round "?"]
[White "Nowak, Lars"]
[Black "Nitschke, Norbert"]
[Result "1-0"]
[WhiteElo "1910"]
[BlackElo "1980"]
[PlyCount "85"]
[EventDate "2018.03.26"]
[EventType "tourn (corr)"]
[EventRounds "8"]
[EventCountry "GER"]
[SourceTitle "Corr 2022"]
[Source "ChessBase"]
[SourceDate "2021.10.24"]
[SourceVersion "1"]
[SourceVersionDate "2021.10.24"]
[SourceQuality "1"]

1. e4 e5 2. Nf3 f5 3. Nxe5 Nf6 4. Bc4 Qe7 5. d4 Nc6 6. 0-0 fxe4 7. Bf4 d5 8. Bb3 Be6 9. c4 0-0-0 10. Nxc6 bxc6 11. c5 g5 12. Be5 Bg7 13. Ba4 Nd7 14. Bxg7 Qxg7 15. Bxc6 Nb8 16. Ba8 a6 17. Nc3 Rhf8 18. b4 c6 19. Na4 Kd7 20. Nb6+ Ke8 21. a4 Rf7 22. b5 cxb5 23. axb5 axb5 24. Qb3 Qxd4 25. Qxb5+ Ke7 26. Ra7+ Kf6 27. Rxf7+ Bxf7 28. c6 Qc3 29. Na4 Qe5 30. Qb6 Nxc6 31. Bxc6 Rd6 32. Rc1 d4 33. Nc5 Be8 34. Nb7 Rxc6 35. Rxc6+ Bxc6 36. Qxc6+ Ke7 37. Nc5 e3 38. Qb7+ Kd6 39. Qb8+ Kd5 40. Qxe5+ Kxe5 41. fxe3 d3 42. Kf1 d2 43. Ke2 1-0

[Event "GER T188-B12-S email"]
[Site "GER email"]
[Date "2014.01.29"]
[Round "?"]
[White "Hoexter, Heinrich"]
[Black "Nowak, Lars"]
[Result "0-1"]
[WhiteElo "2067"]
[BlackElo "1910"]
[PlyCount "76"]
[EventDate "2014.02.03"]
[EventType "tourn (corr)"]
[EventRounds "8"]
[EventCountry "GER"]
[SourceTitle "Corr 2015"]
[Source "ChessBase"]
[SourceDate "2015.07.17"]
[SourceVersion "1"]
[SourceVersionDate "2015.07.17"]
[SourceQuality "1"]
[WhiteTeam "Germany"]
[WhiteTeamCountry "GER"]

1. e4 c6 2. d4 d5 3. e5 c5 4. c3 Nc6 5. Ne2 e6 6. Be3 Qb6 7. Qd2 f6 8. f4 fxe5 9. fxe5 Nh6 10. Bxh6 gxh6 11. Na3 Bd7 12. 0-0-0 cxd4 13. Nxd4 Bxa3 14. bxa3 Rc8 15. Nxc6 Rxc6 16. Bd3 0-0 17. Bc2 Qa5 18. Rdf1 Qxa3+ 19. Kd1 Qxc3 20. Bxh7+ Kg7 21. Qxc3 Rxf1+ 22. Rxf1 Rxc3 23. Kd2 Rc4 24. Bc2 Ba4 25. Bd3 Rd4 26. Rb1 Bc6 27. g3 Ra4 28. Rb2 h5 29. Bc2 Rd4+ 30. Bd3 a5 31. Ke3 Ra4 32. Bc2 Rc4 33. h3 h4 34. g4 d4+ 35. Kd3 Rc3+ 36. Kxd4 Rxh3 37. Bb3 Kf7 38. g5 Ke7 0-1

[Event "GER T188-B12-S email"]
[Site "GER email"]
[Date "2014.01.29"]
[Round "?"]
[White "Kaupat, Thomas"]
[Black "Nowak, Lars"]
[Result "0-1"]
[WhiteElo "1417"]
[BlackElo "1910"]
[PlyCount "36"]
[EventDate "2014.02.03"]
[EventType "tourn (corr)"]
[EventRounds "8"]
[EventCountry "GER"]
[SourceTitle "Corr 2015"]
[Source "ChessBase"]
[SourceDate "2015.07.17"]
[SourceVersion "1"]
[SourceVersionDate "2015.07.17"]
[SourceQuality "1"]

1. e4 c6 2. d4 d5 3. e5 c5 4. dxc5 e6 5. Nf3 Bxc5 6. Bd3 f6 7. 0-0 Nc6 8. Bb5 Nge7 9. exf6 gxf6 10. Nc3 0-0 11. Bh6 Rf7 12. Nh4 Ne5 13. Qh5 a6 14. Bd3 f5 15. Rae1 N7g6 16. Bg5 Qd6 17. Nf3 Nxf3+ 18. Qxf3 Bd7 0-1

[Event "GER T188-B12-S email"]
[Site "GER email"]
[Date "2014.01.29"]
[Round "?"]
[White "Nowak, Lars"]
[Black "Kaupat, Thomas"]
[Result "1-0"]
[WhiteElo "1910"]
[BlackElo "1417"]
[PlyCount "35"]
[EventDate "2014.02.03"]
[EventType "tourn (corr)"]
[EventRounds "8"]
[EventCountry "GER"]
[SourceTitle "Corr 2015"]
[Source "ChessBase"]
[SourceDate "2015.07.17"]
[SourceVersion "1"]
[SourceVersionDate "2015.07.17"]
[SourceQuality "1"]

1. e4 c6 2. d4 d5 3. e5 Bf5 4. c4 e6 5. Nc3 Bb4 6. Qb3 Bxc3+ 7. bxc3 b6 8. cxd5 exd5 9. Ne2 Bd3 10. Qd1 Ba6 11. Ng3 Bxf1 12. Kxf1 Ne7 13. Nh5 0-0 14. h4 Ng6 15. Nxg7 Kxg7 16. Bg5 Qd7 17. Bf6+ Kg8 18. Qh5 1-0

[Event "GER T125-A01-S email"]
[Site "GER email"]
[Date "2011.06.09"]
[Round "?"]
[White "Keber, Ernst"]
[Black "Nowak, Lars"]
[Result "1/2-1/2"]
[WhiteElo "1847"]
[BlackElo "1858"]
[PlyCount "51"]
[EventDate "2011.06.15"]
[EventType "tourn (corr)"]
[EventRounds "8"]
[EventCountry "GER"]
[SourceTitle "Corr 2015"]
[Source "ChessBase"]
[SourceDate "2015.07.17"]
[SourceVersion "1"]
[SourceVersionDate "2015.07.17"]
[SourceQuality "1"]
[WhiteTeam "Germany"]
[BlackTeam "Germany"]
[WhiteTeamCountry "GER"]
[BlackTeamCountry "GER"]

1. b3 c5 2. Bb2 Nc6 3. e3 d6 4. Ne2 e5 5. c4 Nf6 6. Nbc3 Be6 7. Ng3 Be7 8. Be2 0-0 9. 0-0 d5 10. cxd5 Nxd5 11. Nxd5 Qxd5 12. Bf3 Qd7 13. Bxc6 Qxc6 14. Bxe5 a5 15. a4 f6 16. Bc3 Bd6 17. Re1 Rfe8 18. Rb1 b6 19. Qc2 Qc7 20. d3 Rad8 21. e4 Bf4 22. Nf1 Qd7 23. Red1 Bf7 24. Qe2 Re6 25. g3 Be5 26. Bxe5 1/2-1/2

[Event "GER T125-A01-S email"]
[Site "GER email"]
[Date "2011.06.09"]
[Round "?"]
[White "Nowak, Lars"]
[Black "Keber, Ernst"]
[Result "1/2-1/2"]
[WhiteElo "1858"]
[BlackElo "1847"]
[PlyCount "42"]
[EventDate "2011.06.15"]
[EventType "tourn (corr)"]
[EventRounds "8"]
[EventCountry "GER"]
[SourceTitle "Corr 2015"]
[Source "ChessBase"]
[SourceDate "2015.07.17"]
[SourceVersion "1"]
[SourceVersionDate "2015.07.17"]
[SourceQuality "1"]
[WhiteTeam "Germany"]
[BlackTeam "Germany"]
[WhiteTeamCountry "GER"]
[BlackTeamCountry "GER"]

1. b3 d5 2. f4 Bg4 3. Bb2 e6 4. Nf3 Bxf3 5. exf3 Nf6 6. f5 exf5 7. Qe2+ Kd7 8. Nc3 c6 9. 0-0-0 Bd6 10. g4 fxg4 11. fxg4 h6 12. h4 Kc7 13. Bh3 Nbd7 14. Qf2 Ne5 15. Rdf1 h5 16. g5 Nfg4 17. Qg1 Qe7 18. Ne2 f5 19. gxf6 gxf6 20. Ng3 Rhg8 21. Nxh5 Nh2 1/2-1/2

[Event "GER T110-A40-S email"]
[Site "GER email"]
[Date "2011.02.15"]
[Round "?"]
[White "Nowak, Lars"]
[Black "Meissner, Ruediger"]
[Result "1/2-1/2"]
[WhiteElo "1858"]
[BlackElo "2012"]
[PlyCount "116"]
[EventDate "2011.02.21"]
[EventType "tourn (corr)"]
[EventRounds "8"]
[EventCountry "GER"]
[SourceTitle "Corr 2015"]
[Source "ChessBase"]
[SourceDate "2015.07.17"]
[SourceVersion "1"]
[SourceVersionDate "2015.07.17"]
[SourceQuality "1"]
[WhiteTeam "Germany"]
[BlackTeam "Latvia"]
[WhiteTeamCountry "GER"]
[BlackTeamCountry "LAT"]

1. d4 b5 2. e3 Bb7 3. Nf3 a6 4. c4 bxc4 5. Bxc4 e6 6. 0-0 Nf6 7. Nc3 d5 8. Qb3 Qc8 9. Be2 Nbd7 10. Na4 Bd6 11. Qc2 0-0 12. b3 c6 13. Bb2 Qb8 14. Rac1 a5 15. Rfd1 Ne4 16. g3 Ba6 17. Bxa6 Rxa6 18. Ne1 f6 19. Qe2 Qb7 20. f3 Ng5 21. Nd3 Raa8 22. Rc2 Rac8 23. Rdc1 Rfe8 24. Nac5 Nxc5 25. Nxc5 Bxc5 26. Rxc5 a4 27. h4 Nf7 28. bxa4 Nd6 29. Bc3 Qd7 30. Be1 Nc4 31. R1xc4 dxc4 32. Qxc4 Rb8 33. Bc3 Qb7 34. Kf2 Qb1 35. a5 Qc1 36. Qf1 Qa3 37. Qe2 Rb1 38. Qd2 Reb8 39. Kg2 Qa4 40. g4 h5 41. gxh5 Rd1 42. Qe2 Rbb1 43. a6 Rg1+ 44. Kf2 Rbf1+ 45. Qxf1 Rxf1+ 46. Kxf1 Qxa6+ 47. Ke1 Qxa2 48. Kf1 Kh7 49. Be1 e5 50. dxe5 Qa7 51. Rc3 fxe5 52. e4 c5 53. Bd2 c4 54. Ke2 Qa6 55. Be3 Kg8 56. Bg5 Qa2+ 57. Bd2 Kf7 58. Rc1 Ke6 1/2-1/2

[Event "GER HS-081 email"]
[Site "GER email"]
[Date "2010.06.20"]
[Round "?"]
[White "Hebel, Erich"]
[Black "Nowak, Lars"]
[Result "1/2-1/2"]
[WhiteElo "1896"]
[BlackElo "1883"]
[PlyCount "93"]
[EventDate "2010.06.28"]
[EventType "tourn (corr)"]
[EventRounds "6"]
[EventCountry "GER"]
[SourceTitle "Corr 2013"]
[Source "ChessBase"]
[SourceDate "2012.11.12"]
[SourceVersion "1"]
[SourceVersionDate "2012.11.12"]
[SourceQuality "1"]

1. e4 c6 2. d4 d5 3. Nc3 dxe4 4. Nxe4 Nf6 5. Nxf6+ exf6 6. c3 Bd6 7. Bd3 0-0 8. Qc2 Re8+ 9. Ne2 g6 10. 0-0 Nd7 11. Bh6 Nf8 12. Rfe1 Ne6 13. Qd2 Bd7 14. Bc4 b5 15. Bb3 Qc7 16. Ng3 a5 17. a4 bxa4 18. Bxa4 f5 19. Nf1 Rab8 20. h3 f6 21. Ne3 Ng5 22. Bxg5 fxg5 23. d5 Bh2+ 24. Kh1 Bf4 25. dxc6 Bxc6 26. Bxc6 Qxc6 27. Rxa5 g4 28. hxg4 fxg4 29. b4 Rbd8 30. Qa2+ Kh8 31. c4 Qe4 32. Qa1+ Kg8 33. Rd5 Rxd5 34. cxd5 Qxb4 35. Rb1 Qe7 36. Nf1 Bd6 37. Kg1 Bc5 38. Qc3 Qa7 39. Qf6 Re2 40. Ne3 g3 41. Ng4 gxf2+ 42. Kf1 Re1+ 43. Rxe1 fxe1Q+ 44. Kxe1 Qa5+ 45. Ke2 Qa2+ 46. Kf3 Qxd5+ 47. Kg3 1/2-1/2

[Event "GER HS-081 email"]
[Site "GER email"]
[Date "2010.06.20"]
[Round "?"]
[White "Nowak, Lars"]
[Black "Pukropski, Goetz"]
[Result "1/2-1/2"]
[WhiteElo "1883"]
[BlackElo "1892"]
[PlyCount "35"]
[EventDate "2010.06.28"]
[EventType "tourn (corr)"]
[EventRounds "6"]
[EventCountry "GER"]
[SourceTitle "Corr 2013"]
[Source "ChessBase"]
[SourceDate "2012.11.12"]
[SourceVersion "1"]
[SourceVersionDate "2012.11.12"]
[SourceQuality "1"]

1. f4 d5 2. Nf3 g6 3. e3 Bg7 4. d4 Nf6 5. Bd3 c5 6. Nc3 0-0 7. 0-0 cxd4 8. exd4 Nc6 9. a3 Be6 10. Kh1 Rc8 11. Be3 Ng4 12. Bg1 Nh6 13. Ne5 Nf5 14. Be2 h5 15. Bf3 Nh4 16. Be2 Nf5 17. Bf3 Nh4 18. Be2 1/2-1/2

[Event "GER HS-081 email"]
[Site "GER email"]
[Date "2010.06.20"]
[Round "?"]
[White "Nowak, Lars"]
[Black "Reichelt, Holger"]
[Result "1/2-1/2"]
[WhiteElo "1883"]
[BlackElo "1761"]
[PlyCount "91"]
[EventDate "2010.06.28"]
[EventType "tourn (corr)"]
[EventRounds "6"]
[EventCountry "GER"]
[SourceTitle "Corr 2013"]
[Source "ChessBase"]
[SourceDate "2012.11.12"]
[SourceVersion "1"]
[SourceVersionDate "2012.11.12"]
[SourceQuality "1"]

1. f4 d6 2. Nf3 Nf6 3. Nc3 c5 4. e4 g6 5. d4 cxd4 6. Nxd4 Nc6 7. Nxc6 bxc6 8. e5 Nd7 9. Qf3 Qb6 10. exd6 exd6 11. Bd2 Be7 12. 0-0-0 0-0 13. g4 d5 14. h4 Rb8 15. b3 Qd4 16. Kb1 Nf6 17. Bh3 Ne4 18. Be1 Qc4 19. g5 Bf5 20. Ka1 Qc5 21. h5 Rfd8 22. Bxf5 gxf5 23. Qd3 Qd6 24. Ne2 Bf8 25. h6 d4 26. Rf1 Qc5 27. Bf2 Qb4 28. Be1 Qa3 29. Qc4 c5 30. Rg1 Rb6 31. Nc1 Qa6 32. Qxa6 Rxa6 33. Nd3 Re6 34. Rg2 Bd6 35. Ba5 Rde8 36. Kb2 Rc8 37. c4 Rg6 38. Rdg1 Kf8 39. a3 Ke7 40. Re2 Kd7 41. Rgg2 a6 42. Kc2 Re6 43. Re1 Rce8 44. b4 Rc8 45. Kb3 Rb8 46. Kc2 1/2-1/2

[Event "GER HS-081 email"]
[Site "GER email"]
[Date "2010.06.20"]
[Round "?"]
[White "Nowak, Lars"]
[Black "Watson, Roland"]
[Result "0-1"]
[WhiteElo "1883"]
[BlackElo "1915"]
[PlyCount "104"]
[EventDate "2010.06.28"]
[EventType "tourn (corr)"]
[EventRounds "6"]
[EventCountry "GER"]
[SourceTitle "Corr 2013"]
[Source "ChessBase"]
[SourceDate "2012.11.12"]
[SourceVersion "1"]
[SourceVersionDate "2012.11.12"]
[SourceQuality "1"]

1. f4 d5 2. Nf3 g6 3. e3 Bg7 4. Be2 Nf6 5. 0-0 0-0 6. d3 c5 7. Nc3 Nc6 8. Ne5 Re8 9. Bf3 Qd6 10. Nxc6 bxc6 11. e4 e5 12. f5 gxf5 13. exf5 c4 14. dxc4 Qc5+ 15. Kh1 e4 16. Be2 e3 17. cxd5 cxd5 18. Rf4 Bb7 19. Qd3 Rad8 20. Nb5 d4 21. Rxd4 Nd5 22. Re4 Rxe4 23. Qxe4 Nc3 24. Bxe3 Bxe4 25. Bxc5 Nxe2 26. Nd6 Bxc2 27. Re1 Bd3 28. Rd1 Bxf5 29. Rd2 Nc1 30. Bxa7 Nxa2 31. Be3 Be6 32. h3 Nc1 33. Nxf7 Rxd2 34. Bxd2 Ne2 35. Ng5 Bd5 36. Nf3 Bxb2 37. Be3 Kf7 38. Bb6 Kf6 39. Bc7 Kf5 40. Bd6 Bc1 41. Be7 Bf4 42. Bc5 Ke4 43. Bf2 h5 44. Ne1 Bb7 45. Nf3 Kd3 46. Ne1+ Kd2 47. Nf3+ Bxf3 48. gxf3 Nc3 49. Kg2 Ke2 50. Ba7 Nd5 51. Bf2 Be5 52. Bg1 h4 0-1

[Event "GER HS-081 email"]
[Site "GER email"]
[Date "2010.06.20"]
[Round "?"]
[White "Vielsack, Guido"]
[Black "Nowak, Lars"]
[Result "1/2-1/2"]
[WhiteElo "1954"]
[BlackElo "1883"]
[PlyCount "64"]
[EventDate "2010.06.28"]
[EventType "tourn (corr)"]
[EventRounds "6"]
[EventCountry "GER"]
[SourceTitle "Corr 2013"]
[Source "ChessBase"]
[SourceDate "2012.11.12"]
[SourceVersion "1"]
[SourceVersionDate "2012.11.12"]
[SourceQuality "1"]

1. e4 c6 2. d4 d5 3. Nc3 dxe4 4. Nxe4 Nf6 5. Nxf6+ exf6 6. c3 Bd6 7. Bd3 0-0 8. Qc2 g6 9. Ne2 Re8 10. h4 Be6 11. h5 f5 12. Bd2 Nd7 13. 0-0-0 Nf6 14. Bg5 Be7 15. hxg6 fxg6 16. Kb1 Bf7 17. Rde1 b5 18. Nc1 a5 19. f3 Nd5 20. Rxe7 Rxe7 21. g4 fxg4 22. Qh2 Be6 23. Bxe7 Qxe7 24. Bxg6 Nf6 25. fxg4 Bd5 26. Bf5 Bxh1 27. Qxh1 Nd5 28. Nd3 Ne3 29. Qxc6 Rf8 30. Qxb5 Nxf5 31. gxf5 Qe4 32. Qc4+ Kg7 1/2-1/2